| 000 | 00653nam a2200193 a 4500 | ||
|---|---|---|---|
| 001 | 000040722 | ||
| 005 | 20201002034330.0 | ||
| 008 | 130905s2010 mx 000 0 spa d | ||
| 020 | _a9789709555905 | ||
| 040 |
_aDO-SdBNP _bspa _cBNPHU |
||
| 100 | 1 |
_aBerroa, Rei _9319 |
|
| 245 | 1 | 0 |
_aDe adinamia de mente de umnesia / _cRei Berroa ; prólogo María Ángeles Pérez López; presentación Héctor Carrero. |
| 260 |
_aTabasco, _c2010. |
||
| 300 |
_a79 p. ; _c21 cm. |
||
| 490 | 1 |
_aRefugio de la pesía _v1 |
|
| 700 | 1 |
_aPérez López, María Ángeles _epról. _967119 |
|
| 700 | 1 |
_aCarrero, Pérez _epres. _967120 |
|
| 830 | 0 |
_aRefugio de la pesía _v1 _967121 |
|
| 999 |
_c40212 _d40212 |
||